<?xml version="1.0" encoding="UTF-8"?>
<record
    xmlns:xsi="http://www.w3.org/2001/XMLSchema-instance"
    xsi:schemaLocation="http://www.loc.gov/MARC21/slim http://www.loc.gov/standards/marcxml/schema/MARC21slim.xsd"
    xmlns="http://www.loc.gov/MARC21/slim">

  <leader>00628nam a2200133Ia 4500</leader>
  <controlfield tag="001">220</controlfield>
  <controlfield tag="008">241024s9999    xx            000 0 und d</controlfield>
  <datafield tag="082" ind1=" " ind2=" ">
    <subfield code="a">RD/375/R426i</subfield>
  </datafield>
  <datafield tag="100" ind1=" " ind2=" ">
    <subfield code="a">Rep&#xFA;blica Dominicana.Secretaria de Estado de Educaci&#xF3;n.Subsecretaria de Estado de Asuntos t&#xE9;cnicos-pedag&#xF3;gicos</subfield>
  </datafield>
  <datafield tag="245" ind1=" " ind2="0">
    <subfield code="a">Informe de Consultoria: Asistencia a la Direcci&#xF3;n General de Curr&#xED;culum en la finalizaci&#xF3;n, socializaci&#xF3;n con las entidades competentes de la SEE, e implementaci&#xF3;n de las Renovaciones Curr&#xED;culares y Niveles de Ense&#xF1;anza, informe final</subfield>
  </datafield>
  <datafield tag="260" ind1=" " ind2=" ">
    <subfield code="b">SEE</subfield>
    <subfield code="c">2008</subfield>
  </datafield>
  <datafield tag="901" ind1=" " ind2=" ">
    <subfield code="a">22/10/2010 11:56:07 a.m.</subfield>
  </datafield>
  <datafield tag="999" ind1=" " ind2=" ">
    <subfield code="c">8406</subfield>
    <subfield code="d">8406</subfield>
  </datafield>
</record>
